000 01448nam a2200265Ia 4500
999 _c35854
_d35854
001 1745
003 GE_BSU
005 20220928120315.0
008 181216s||||||||xx |||||||||||||| ||und||
020 _a9789941911927
040 _cGE_BSU
041 _ageo
080 _a31:336.71+31:336.76 ვ–56
100 _aვირსალაძე, ნაირა
_914880
245 _aსაფონდო და სავალუტო ბირჟების სტატისტიკა :
_b(ლექციების კურსი) /
_cნაირა ვირსალაძე, ნანა შონია, აკაკი ბაკურაძე ; [რედ.: ნინო აბესაძე, მავლინა ყიფიანი].
264 _aთბილისი :
_bინოვაცია,
_c2009.
300 _a203 გვ.:
_bცხრ., გრაფ. ;
_c20 სმ.
653 _aსასვალუტო ბირჟის სტატისტიკა
653 _aსაფონდო ბირჟის სტატისტიკა
700 _aშონია, ნანა.
_eავტორი
_913905
700 _aბაკურაძე, აკაკი.
_eავტორი
_914881
700 _aაბესაძე, ნინო
_eრედაქტორი
_92811
700 _aყიფიანი, მავლინა
_eრედაქტორი
_914882
942 _cBK
_2udc